[Event "Barcelona Sant Marti op 06th"]
[Site "Barcelona"]
[Date "2004.04.17"]
[Round "1"]
[White "Valderrama, Jorge"]
[Black "Ruiz Mata, Oscar"]
[Result "0-1"]
[WhiteElo "1880"]
[BlackElo "2340"]
[PlyCount "78"]
[EventDate "2004.04.17"]
[EventType "swiss"]
[EventRounds "9"]
[EventCountry "ESP"]
[SourceTitle "CBM 100 Extra"]
[Source "ChessBase"]
[SourceDate "2004.07.06"]
[SourceVersion "2"]
[SourceVersionDate "2004.07.06"]
[SourceQuality "1"]

1. e4 e5 2. Nf3 Nf6 3. Bc4 Nxe4 4. Qe2 d5 5. Nxe5 Be6 6. Bb3 Bd6 7. d4 0-0 8. Nd2 f5 9. Ndf3 Nc6 10. Bd2 Qf6 11. Nxc6 bxc6 12. 0-0-0 f4 13. h4 h6 14. Be1 Rfe8 15. Ba4 Bd7 16. Qa6 Bf8 17. Ne5 Rxe5 18. dxe5 Qxe5 19. Qb7 Qe8 20. Qxc7 Bd6 21. Qa5 Rb8 22. f3 Be5 23. Bb3 Rb5 24. Qxa7 Nc5 25. Bf2 Bb8 26. Qa3 Bd6 27. Bxc5 Bxc5 28. Qa4 Bf5 29. Rhe1 Be3+ 30. Kb1 Qb8 31. Ka1 Qb6 32. Qa8+ Kh7 33. Qf8 Bg6 34. g4 fxg3 35. Qe7 Bf2 36. Rf1 g2 37. Rxf2 Qxf2 38. Qe1 Qxf3 39. Qg1 Rb4 0-1